000
00252nam a2200109Ia 4500
008
220214s9999 xx 000 0 und d
100
_a
Trivedi NN
245
0
_a
Rubber footwear. Part I.
260
_b
Rubber India
_c
1967
300
_a
23-30
942
_c
RE
999
_c
46146
_d
46146